| 000 | 00521 a2200169 4500 | ||
|---|---|---|---|
| 003 | OSt | ||
| 005 | 20231227161325.0 | ||
| 008 | 231227b |||||||| |||| 00| 0 eng d | ||
| 020 | _a8170557704 | ||
| 040 | _coclc | ||
| 082 |
_a891.432 _bSHE/K |
||
| 100 | 1 |
_aShakespeare, William, _d1564-1616 _974 |
|
| 245 |
_aKAMDEV KA APNA : _bBASANT RITU KA SAPANA / _cEdited by Habib Tanvir |
||
| 260 |
_aNew Delhi: _bVani Prakashan, _c2001. |
||
| 300 | _a63p | ||
| 942 |
_2ddc _cBK _h891.432 _iSHE/K _k891.432 _mSHE/K |
||
| 999 |
_c43599 _d43599 |
||